The house of assignation: a novel;

Saved in:
Bibliographic Details
Main Author: Robbe-Grillet, Alain, 1922-
Format: Book
Language:English
Published: London, Calder & Boyars, 1970.
LEADER 00968nam a2200265 4500
001 c000061007
003 CARM
005 00000000000000.0
008 701013s1970 enk 00001 eng
015 |a B70-10884 
019 1 |a 413388  |5 LACONCORD2021 
020 |a 0714502758 
035 |a (OCoLC)104538  |5 LACONCORD2021 
041 1 |a engfre 
050 0 0 |a PZ4.R633  |b Ho4  |a PQ2635.O117 
100 1 |a Robbe-Grillet, Alain,  |d 1922- 
240 1 0 |a Maison de rendez-vous.  |l English 
245 1 4 |a The house of assignation:  |b a novel;  |c translated from the French by A. M. Sheridan Smith. 
260 |a London,  |b Calder & Boyars,  |c 1970. 
300 |a 126 p.  |c 21 cm. 
500 |a Translation of La maison de rendez-vous. 
852 8 |b CARM  |h A2:AG31C0  |i B02813  |p 0114113  |f BK 
082 0 4 |a 843/.9/14 
999 f f |i e3bfd5df-fb19-5d2b-9e4e-a2d0aa64e5b0  |s 088c5ac3-d90f-53ab-a08a-8723c8bf7cb6 
952 f f |p Can circulate  |a CAVAL  |b CAVAL  |c CAVAL  |d CARM 1 Store  |e B02813  |f A2:AG31C0  |h Other scheme  |i book  |m 0114113